Music: Guess the 1990s Songs from their Opening Lyrics (Part II) - Statistics

General Stats
  • This quiz has been taken 63 times
  • The average score is 7 of 18
Answer Stats
Opening Lines Song % Correct
As I walk through the valley of the shadow and death I take a look at my life and realize there's nothing left Gangsta's Paradise
77%
So, no one told you life was gonna be this way, your job's a joke, you're broke, your love life's DOA I'll Be There For You
67%
You and me, we used to be together, everyday together, always Don't Speak
62%
Look into my eyes, you will see what you mean to me (Everything I Do) I Do It For You
50%
I thought I saw a man brought to life, he was warm, he came around like he was dignified Torn
50%
Oh baby baby, how was I supposed to know that something wasn't right? Baby One More Time
48%
Saying 'I love you' is not the words I want to hear from you More Than Words
38%
Twenty-five years and my life is still trying to get up that great big hill of hope What's Up
37%
In the middle of the night I go walking in my sleep from the mountains of faith to a river so deep River of Dreams
35%
I'll be your dream, I'll be your wish, I'll be your fantasy Truly Madly Deeply
33%
I feel like I've been locked up tight for a century of lonely nights Genie in a Bottle
29%
Walking round the room singing "Stormy Weather" at 57 Mount Pleasant Street Weather With You
27%
There was a time when I was so broken-hearted love wasn't much of a friend of mine Cryin'
25%
There's a calm surrender to the rush of day, when the heat of a rolling wind can be turned away Can You Feel The Love Tonight
23%
My lover's got no money, he's got his strong beliefs Freed From Desire
23%
I guess now it's time for me to give up, I feel it's time Back For Good
19%
I took my baby on a Saturday bang, boy is that girl with you? Yes, we're one and the same Black or White
17%
What's it gonna be? Cause I can't pretend, don't you wanna be more than friends? Don't Let Go (Love)
15%
No matching quizzes found
Score Distribution
Percent of People with Each Score
Percentile by Number Answered
Your Score History
You have not taken this quiz